Представление документа в формате RUSMARC

ПолеНазваниеЗначение
  Тип записи a
  Библиографический уровень m
001 Контрольный номер RU/УОНБ/EK/521735665
005 Дата корректировки 20250520121946.8
010 Индекс ISBN __
a ISBN 978-5-235-03776-2
d Цена 316 р. 80 к.
9 Тираж 4000 экз.
b Уточнения в пер.
100 Данные общей обработки __
a Данные общей обработки 20150529d2015 u y0rusy0189 ca
101 Язык документа 0_
a Язык текста rus
102 Страна публикации __
a Страна публикации RU
105 Кодированные данные (монография) __
a Кодированные данные (монография) a z 001yb
200 Заглавие и сведения об ответственности 1_
a Заглавие Пастернак
f Первые сведения об ответственности А.Ю. Сергеева-Клятис
210 Выходные данные 1_
a Место издания Москва
c Издательство Мол. гвардия
d Дата издания 2015
215 Физическое описание __
a Объем 363, [2] с.
c Иллюстрации/тип воспроизводства ил., 16 л. ил., портр.
d Формат 18 см
225 Серия 1_
a Серия Жизнь замечательных людей
e Сведения, относящиеся к заглавию серии сер. биогр.
f Сведения об ответственности осн. в 1890 г. Ф. Павленковым и продолж. в 1933 г. М. Горьким
225 Серия 1_
a Серия Малая серия
v Обозначение тома вып. 82
300 Общие примечания __
a Общие примечания 16+
320 Библиография __
a Библиография Библиогр.: с. 363-364
333 Примечание о целевом назначении __
a Примечание о целевом назначении 16+
600 Персоналии _1
3 Контрольный № нормативной записи RU\NLR\AUTH\66834173
a Персоналии (Фамилия) Пастернак, Борис Леонидович
f Даты 1890 - 1960
2 Код системы nlr_sh
606 Тематические рубрики 0_
a Основная рубрика Русская литература
z Хронологическая подрубрика 20 в.
610 Ключевые слова 0_
a Ключевые слова Пастернак Б.Л.
610 Ключевые слова 0_
a Ключевые слова литература русская 20 в.
686 Индексы других классификаций __
a Классификационный индекс 83.3(2=Рус)6-8
2 Код системы rubbk
700 Автор _1
3 Контрольный № нормативной записи RU\NLR\AUTH\7711447
a Фамилия Сергеева-Клятис
b Имя (инициалы) А.Ю.
g Полное личное имя Анна Юрьевна
f Даты 1970-
702 Вторичная интеллектуальная ответственность _1
3 Контрольный № нормативной записи RU\NLR\AUTH\7737
a Фамилия Пастернак
b Имя (инициалы) Б.Л.
g Полное личное имя Борис Леонидович
f Даты 1890-1960
4 Код отношения 570
801 Источник записи _0
a Страна RU
b Организация РГБ
c Дата составления 20150415
g Правила каталогизации RCR
801 Источник записи _1
a Страна RU
b Организация NLR
c Дата составления 20150415
2 Код формата rusmarc
801 Источник записи _2
a Страна RU
b Организация Ульяновская ОНБ
c Дата составления 20160713
2 Код формата rusmarc
901 Тип документа __
t Тип документа m
909 Создатель записи __
a Создатель записи Мейснер
b Дата создания записи 20161004
938 Служебная информация __
a Имя БД books
b Имя библиотеки УОНБ
c Имя АИБС МАРК-SQL
d Номер DOC_ID в БД 325039